Korózne praskanie zliatin na báze zinku
Salvato in:
| Autore principale: | |
|---|---|
| Altri autori: | |
| Natura: | Manoscritto Libro |
| Lingua: | slovacco |
| Pubblicazione: |
2019
|
| Soggetti: | |
| Accesso online: | http://is.stuba.sk/zp/portal_zp.pl?podrobnosti=134303 |
| Tags: |
Nessun Tag, puoi essere il primo ad aggiungerne!!
|
MARC
| LEADER | 00000ntm a22000003a 4500 | ||
|---|---|---|---|
| 001 | stuzp73910 | ||
| 003 | SK-STU | ||
| 005 | 20190622211425.7 | ||
| 007 | ta | ||
| 008 | 150427s2015----xo-----f-mn---000-0-slo-d | ||
| 040 | |a STU |b slo | ||
| 041 | 0 | |a slo | |
| 100 | 1 | |a Slavkov, Michal |u 061000 |4 aut |U MTF Materiálovotechnologická fakulta |T MTF Ústav materiálov |X 85439 |U M1000 |Y 81 |7 85439 | |
| 242 | 0 | 1 | |a Stress-corrosion cracking of Zn based alloys |y eng |
| 245 | 1 | 0 | |a Korózne praskanie zliatin na báze zinku |
| 260 | |c 2019 | ||
| 650 | 4 | |a zinok |2 slo | |
| 650 | 4 | |a korózia |2 slo | |
| 650 | 4 | |a zliatina Zn - Al |2 slo | |
| 650 | 4 | |a odlievanie |2 slo | |
| 650 | 4 | |a mechanické vlastnosti |2 slo | |
| 650 | 4 | |a korózia pod napätím |2 slo | |
| 650 | 4 | |a zinc |2 eng | |
| 650 | 4 | |a corrosion |2 eng | |
| 650 | 4 | |a Zn - Al alloy |2 eng | |
| 650 | 4 | |a casting |2 eng | |
| 650 | 4 | |a mechanical properties |2 eng | |
| 650 | 4 | |a stress corrosion cracking |2 eng | |
| 700 | 1 | |a Gabalcová, Zuzana |u 061000 |k Z2 |4 ths |U MTF Materiálovotechnologická fakulta |T MTF Ústav materiálov |X 41847 |U M1000 |Y 81 |7 A000041847 | |
| 856 | 4 | |u http://is.stuba.sk/zp/portal_zp.pl?podrobnosti=134303 | |
| 996 | |c M* BP-8507 |l MMSKP |s P |a 0 |w stuzp73910_0001 | ||